| 000 | 00394nam a2200157Ia 4500 | ||
|---|---|---|---|
| 003 | GCL | ||
| 008 | 140319s9999 xx 000 0 eng d | ||
| 040 |
_aGCL / _cGCL |
||
| 082 | 0 | 4 |
_a617:7'19 _bF S |
| 100 | 1 | _aFOSTEX, C. STEPHEN | |
| 245 | 1 | 0 |
_aThe Sclera / _cFOSTEX, C. STEPHEN |
| 260 |
_a[S.N] : _bSPRINGER - VERLAG ، _c1993 |
||
| 650 | 0 | 4 | _aSCLERITIS |
| 650 | 0 | 4 | _aSCLERA |
| 942 |
_2ddc _cBK |
||
| 999 |
_c16505 _d16505 |
||